[Event "Portugal Open 2020"]
[Site "Lisbon"]
[Date "2020.02.01"]
[Round "9.4"]
[White "Tari, Aryan"]
[Black "Stachowiak, Kamil"]
[Result "1-0"]
[WhiteElo "2635"]
[BlackElo "2446"]
[Annotator "TA"]
[PlyCount "237"]
[EventDate "2020.01.25"]
[EventType "swiss"]
[EventCountry "POR"]
[SourceTitle "playchess.com"]
[Source "ChessBase"]
[SourceQuality "1"]

{[%evp 9,237,14,34,38,32,22,56,52,56,49,58,55,58,45,44,44,53,52,49,52,54,47,103,63,68,64,75,49,75,31,41,4,31,15,45,52,43,24,26,0,28,0,21,-6,11,18,43,29,46,13,45,41,68,35,132,130,133,132,129,64,88,86,81,85,83,65,92,90,65,71,67,83,189,150,322,336,338,335,332,312,321,334,329,324,276,99,85,0,431,423,416,402,404,401,373,357,267,162,175,182,212,212,212,190,190,190,180,147,212,174,183,182,212,212,212,146,179,0,208,208,208,200,212,212,212,212,212,212,212,212,212,212,212,212,212,212,212,212,212,212,212,212,212,212,212,212,212,212,212,212,540,540,540,450,439,429,381,374,370,341,317,281,274,274,263,212,212,212,212,0,161,161,161,0,161,0,161,161,161,161,161,161,161,161,161,161,161,161,161,161,161,161,161,161,161,161,161,161,161,161,161,161,161,161,161,161,161,161,161,161,161,161,161,161,161,161,161,161,161,161,161,161,12849,12850,12850,12847,12848,12848,12849,12849]} 1. e4 c5 2. Nf3 e6 3. d4 cxd4 4. Nxd4 a6 5. g3 Qc7 6. Bg2 {B41: Sicilian: Kan Variation: 5 c4} Nc6 7. O-O (7. Nb3 {feels hotter.} Be7 8. Be3 Nf6 9. f4 d5 10. e5) 7... d6 8. Nxc6 {White is slightly better.} bxc6 9. c4 Nf6 10. Nc3 Be7 11. Bf4 $5 {[%mdl 4] An interesting side line.} e5 $146 ({Predecessor:} 11... Rb8 12. b3 O-O 13. Re1 e5 14. Bc1 Ng4 15. h3 Nf6 16. Bb2 Be6 17. Re2 Nd7 {1-0 (40) Ruotolo,C (1757)-Di Mauro,G (1943) Rome 2009}) 12. Be3 Be6 13. b3 O-O 14. h3 Rfd8 15. Rc1 Nd7 (15... Qd7 $14) 16. f4 exf4 17. gxf4 Nf8 18. Ne2 (18. Nd5 $5 cxd5 19. cxd5 $16) 18... Qa5 19. Nd4 Bd7 20. Qd3 Bf6 21. Kh2 c5 22. Bd2 Qc7 23. Ne2 Bc6 24. Nc3 Re8 25. Rce1 Rad8 26. a3 a5 27. Nb5 Bxb5 28. cxb5 Ne6 29. Qd5 Bb2 30. a4 Rc8 31. Rb1 Ba3 (31... Bf6 $14) 32. f5 $1 $16 {[%cal Rf5e6]} Nd4 33. Bf4 Rcd8 34. Qc4 ({Better is} 34. Rbd1 $16) 34... Bb4 35. Rbd1 {And now Rxd4 would win.} Qe7 36. Bg3 Qf6 37. Kh1 h6 38. Bh2 Re7 39. Qd5 Ree8 40. Rd3 Ne2 (40... Kh8 $16) 41. b6 (41. Bxd6 $2 c4 $19) 41... c4 $2 (41... Nd4 $16 42. b7 h5) 42. Qxc4 $18 (42. bxc4 Nc3 $18) 42... d5 43. Rxd5 (43. exd5 Qxb6 44. Bc7 Qf6) 43... Rxd5 44. Qxd5 ({Resist} 44. exd5 Qxb6 45. Qc6 Qe3) 44... Qxb6 45. Qb5 Qxb5 46. axb5 Bc5 47. Bc7 $2 (47. e5 $1 $18 {and the rest is easy.}) 47... Rc8 48. b6 (48. Bf3 $16) 48... Bxb6 $2 {[%mdl 8192]} (48... Rxc7 $1 $11 49. bxc7 Ng3+ {[%mdl 64] Double Attack} 50. Kh2 Nxf1+ 51. Kh1 (51. Bxf1 Bd6+ {[%mdl 64] Double Attack} 52. Kg2 Bxc7 $11) 51... Ng3+ 52. Kh2 Nf1+ $1 {[%mdl 512]} 53. Kh1 (53. Bxf1 Bd6+ {[%mdl 64] Double Attack} 54. Kg1 Bxc7 $11) 53... Ng3+ 54. Kh2 Nf1+ $1 {[%mdl 512]}) 49. Bxb6 Ng3+ 50. Kg1 Nxf1 51. Bxf1 ({Weaker is} 51. Kxf1 Rc1+ 52. Kf2 Rb1 $18) 51... Rb8 52. Bxa5 Rxb3 53. Kf2 Rb2+ 54. Kf3 f6 55. Bc4+ Kh7 56. Bf7 Rh2 57. Kg3 Re2 58. Bd5 Rb2 (58... Re3+ $16 {keeps fighting.} 59. Kg4 g6) 59. Bc3 Rc2 60. Bb4 {aiming for e5!} Rb2 61. Be7 Rb1 62. Bd6 {Threatens to win with e5.} Rb6 63. Be7 Rb1 64. h4 Rg1+ 65. Kh2 Rc1 66. h5 Rc3 67. Kg2 Re3 68. Kf2 Rc3 69. Bd6 Kh8 70. Ke2 Rh3 71. Bf7 Rc3 72. Kd2 Rh3 73. Bc5 Rf3 74. Be3 Rf1 75. Kd3 Rd1+ 76. Bd2 Rh1 77. Ke3 Rh2 78. Ba5 Rh3+ 79. Kd4 Ra3 $2 (79... Rh1 80. Ke3 Rh3+ 81. Kf4 Kh7) 80. Bb6 Ra6 81. Bc5 Ra4+ 82. Kd5 Kh7 83. Bb6 Kh8 84. Be8 Ra8 85. Bd7 Ra6 86. Bc7 Kg8 87. Bb5 Ra1 88. Bc4 Kh7 89. Bb5 $2 (89. Kd6 $18) 89... Rd1+ $2 (89... Kg8 $1 $11 {and Black has nothing to worry.}) 90. Ke6 Re1 91. Kd5 Rd1+ 92. Ke6 Re1 93. Bc6 Rc1 94. Kd6 Rh1 95. e5 Rd1+ 96. Bd5 fxe5 97. Kxe5 Re1+ 98. Kd6 Rd1 99. Ke6 Rf1 100. Be5 Kh8 101. Bc3 Rc1 102. Bb2 Rb1 {[#]} 103. Ba3 $1 Ra1 104. Be7 Rf1 105. Bc6 Kg8 106. Bd6 Rc1 107. Bd5 Re1+ 108. Be5 Kh8 109. Bc4 Re4 110. Bb5 Re1 111. Bc6 Re2 112. Kd6 Re1 113. Bd5 Rf1 114. Be6 Rh1 115. Ke7 Rxh5 $2 {[#]} (115... Rf1 116. Bd4 Rf4) 116. Bxg7+ $1 {[%mdl 512] White is clearly winning.} Kh7 (116... Kxg7 117. f6+) 117. Be5 {Threatening mate with f6.} Rh1 118. f6 {White wants to mate with Bf5+.} Rf1 119. f7 {Accuracy: White = 82%, Black = 73%.} 1-0

[Event "Portugal Open 2020"]
[Site "Lisbon"]
[Date "2020.02.01"]
[Round "9.5"]
[White "Ghazarian, Tigran"]
[Black "Taboas Rodriguez, Daniel"]
[Result "1-0"]
[WhiteElo "1668"]
[BlackElo "2348"]
[Annotator "NA"]
[PlyCount "91"]
[EventDate "2020.01.25"]
[EventType "swiss"]
[EventCountry "POR"]
[SourceTitle "playchess.com"]
[Source "ChessBase"]
[SourceQuality "1"]
[TimeControl "5400+30"]

1. e4 {[%emt 0:00:00]} e6 {[%emt 0:02:11]} 2. d4 {[%emt 0:00:00]} d5 {[%emt 0:00:04]} 3. Nd2 {[%emt 0:00:06]} c5 {[%emt 0:00:05]} 4. Ngf3 {[%emt 0:00:06]} Nc6 5. exd5 {[%emt 0:00:14]} exd5 {[%emt 0:00:12]} 6. Bb5 {[%emt 0:00:07]} Bd6 {[%emt 0:00:04]} 7. O-O {[%emt 0:00:12]} cxd4 {[%emt 0:00:47]} 8. Nb3 {[%emt 0:00:38]} Nge7 {[%emt 0:00:06]} 9. Nfxd4 {[%emt 0:01:47]} O-O {[%emt 0:00:08]} 10. Re1 {[%emt 0:00:52]} Bc7 {[%emt 0:04:03]} 11. c3 {[%emt 0:00:48]} Qd6 {[%emt 0:00:27]} 12. g3 {[%emt 0:00:19]} Qf6 {[%emt 0:00:31]} 13. Qf3 {[%emt 0:01:51]} Qxf3 {[%emt 0:23:10]} 14. Nxf3 {[%emt 0:00:17]} Bg4 {[%emt 0:00:16]} 15. Nfd4 {[%emt 0:00:53]} Bd6 {[%emt 0:00:14]} 16. Be3 {[%emt 0:03:39]} Ne5 {[%emt 0:14:11]} 17. f4 {[%emt 0:01:40]} N5c6 18. Kg2 {[%emt 0:05:40]} Rfd8 $16 {[%emt 0:15:07]} 19. Bf2 {[%emt 0:02:00]} Bd7 {[%emt 0:02:16]} 20. Rad1 {[%emt 0:00:43]} Kf8 {[%emt 0:00:40]} 21. Rd2 {[%emt 0:05:25]} Rac8 {[%emt 0:08:53]} 22. Be2 {[%emt 0:02:02]} g6 {[%emt 0:02:55]} 23. Red1 {[%emt 0:07:09]} Be6 {[%emt 0:01:41]} 24. Bf3 {[%emt 0:06:21]} Re8 {[%emt 0:08:05]} 25. Nb5 {[%emt 0:24:29]} Bb8 {[%emt 0:03:53]} 26. Nc5 {[%emt 0:00:09]} a6 {[%emt 0:02:16]} 27. Na3 {[%emt 0:00:04]} Nd8 {[%emt 0:05:30]} 28. Nc2 {[%emt 0:02:09]} Bd6 {[%emt 0:00:26]} 29. Nb3 {[%emt 0:00:05]} b5 {[%emt 0:00:42]} 30. a3 {[%emt 0:01:15]} Ndc6 31. Nb4 {[%emt 0:01:36]} Nxb4 {[%emt 0:01:14]} 32. axb4 {[%emt 0:00:08]} Red8 {[%emt 0:00:46]} 33. Ra1 {[%emt 0:02:21]} Ra8 {[%emt 0:00:16]} 34. Nc5 {[%emt 0:00:36]} Bxc5 {[%emt 0:00:21]} 35. Bxc5 {[%emt 0:00:05]} Ke8 {[%emt 0:00:40]} 36. Rad1 {[%emt 0:00:38]} Rd7 {[%emt 0:00:29]} 37. Ra1 {[%emt 0:05:28]} h5 {[%emt 0:00:55]} 38. Kf2 {[%emt 0:00:06]} Nf5 {[%emt 0:00:41]} 39. Be2 {[%emt 0:01:15]} Rb7 {[%emt 0:00:18]} 40. b3 {[%emt 0:00:53]} Ne7 {[%emt 0:03:18]} 41. Rda2 {[%emt 0:00:26]} Kd7 {[%emt 0:01:54]} 42. Rxa6 {[%emt 0:00:36]} Rxa6 {[%emt 0:00:02]} 43. Rxa6 {[%emt 0:00:03]} d4 {[%emt 0:00:28]} 44. Bxd4 {[%emt 0:03:00]} Bxb3 {[%emt 0:00:02]} 45. Ra7 {[%emt 0:00:36]} Rxa7 {[%emt 0:00:26]} 46. Bxb5+ {[%emt 0:00:05]} 1-0

[Event "Portugal Open 2020"]
[Site "Lisbon"]
[Date "2020.02.01"]
[Round "9.6"]
[White "Petrov, Nikita"]
[Black "Soham Das"]
[Result "1/2-1/2"]
[WhiteElo "2592"]
[BlackElo "2355"]
[Annotator "TA"]
[PlyCount "67"]
[EventDate "2020.01.25"]
[EventType "swiss"]
[EventCountry "POR"]
[SourceTitle "playchess.com"]
[Source "ChessBase"]
[SourceQuality "1"]

{[%evp 10,67,28,24,30,30,27,23,24,17,37,0,0,0,0,-13,-8,-11,-14,-25,-25,-25,-22,-17,-12,-12,-12,-8,0,0,-12,-18,-22,-25,-20,-24,-31,-41,-18,-39,0,-8,0,0,0,0,0,0,0,0,0,0,0,0,0,0,0,0,0,0]} 1. d4 f5 2. Bg5 g6 3. Nc3 Bg7 4. Nf3 Nf6 5. Bxf6 Bxf6 6. e4 fxe4 {A80: Dutch Defence: Unusual White second moves.} 7. Nxe4 d5 8. Nxf6+ exf6 {White has an edge.} 9. Bb5+ Bd7 10. Bxd7+ (10. Be2 {with more complications.} Nc6 11. O-O O-O 12. Re1 Qe7 13. c4) 10... Qxd7 11. O-O Nc6 {[%cal Bb8c6,Bc6e7,Be7f5][%mdl 32]} 12. Re1+ Ne7 13. Qe2 Kf7 14. Qe3 Nf5 15. Qb3 c6 16. c4 {With the idea cxd5.} dxc4 17. Qxc4+ Qd5 18. Qb4 Qb5 19. Qa3 {[#] g4 is the strong threat.} Rhe8 20. h3 a5 21. g4 Ne7 22. Qd6 Qd5 23. Qg3 Rad8 24. Re3 g5 25. h4 {aiming for hxg5.The position is equal.} h6 26. hxg5 hxg5 27. Rae1 Ng6 28. Rxe8 $1 Rxe8 29. Rxe8 Kxe8 30. Qb8+ {[%mdl 64] [#] Double Attack} Kf7 31. Qxb7+ Kf8 32. Qc8+ Kf7 33. Qb7+ Kf8 34. Qc8+ {Accuracy: White = 96%, Black = 95%.} 1/2-1/2

[Event "Portugal Open 2020"]
[Site "Lisbon"]
[Date "2020.02.01"]
[Round "9.7"]
[White "Goluch, Piotr"]
[Black "Ten Hertog, Hugo"]
[Result "0-1"]
[WhiteElo "2413"]
[BlackElo "2503"]
[Annotator "ChessBase"]
[PlyCount "90"]
[EventDate "2020.01.25"]
[EventType "swiss"]
[EventCountry "POR"]
[SourceTitle "playchess.com"]
[Source "ChessBase"]
[SourceQuality "1"]
[TimeControl "5400+30"]

1. d4 {[%emt 0:00:00]} d5 {[%emt 0:00:18]} 2. c4 {[%emt 0:00:00]} e6 {[%emt 0:00:03]} 3. Nf3 {[%emt 0:00:00]} Nf6 {[%emt 0:00:04]} 4. g3 {[%emt 0:00:00]} dxc4 {[%emt 0:00:46]} 5. Bg2 {[%emt 0:00:15]} a6 {[%emt 0:00:05]} 6. O-O {[%emt 0:04:09]} Nc6 {[%emt 0:00:23]} 7. Nc3 {[%emt 0:00:09]} Rb8 {[%emt 0:01:06]} 8. e4 {[%emt 0:00:05]} Be7 {[%emt 0:00:45]} 9. Qe2 {[%emt 0:00:28]} b5 {[%emt 0:00:35]} 10. Bf4 {[%emt 0:06:43]} Nxd4 {[%emt 0:19:27]} 11. Nxd4 {[%emt 0:00:04]} Qxd4 {[%emt 0:00:04]} 12. Bxc7 {[%emt 0:00:06]} Rb7 {[%emt 0:00:16]} 13. Rad1 {[%emt 0:00:20]} Qc5 {[%emt 0:01:03]} 14. Bf4 {[%emt 0:00:32]} e5 {[%emt 0:02:15]} 15. Be3 {[%emt 0:01:11]} Qc7 {[%emt 0:04:33]} 16. Nd5 {[%emt 0:02:51]} Nxd5 {[%emt 0:00:05]} 17. exd5 {[%emt 0:00:03]} Bd6 {[%emt 0:05:47]} 18. f4 {[%emt 0:00:05]} O-O {[%emt 0:00:32]} 19. fxe5 {[%emt 0:14:17]} Bxe5 {[%emt 0:00:06]} 20. Qd2 {[%emt 0:10:25]} Rd8 {[%emt 0:07:06]} 21. Bd4 {[%emt 0:00:31]} Bxd4+ {[%emt 0:05:04]} 22. Qxd4 {[%emt 0:00:06]} Qb6 {[%emt 0:00:30]} 23. Rfe1 {[%emt 0:03:29]} Kf8 {[%emt 0:20:09]} 24. Kf2 {[%emt 0:00:05]} Qxd4+ {[%emt 0:04:01]} 25. Rxd4 {[%emt 0:00:05]} Bf5 {[%emt 0:02:50]} 26. Re5 {[%emt 0:05:29]} g6 {[%emt 0:04:51]} 27. g4 {[%emt 0:02:18]} Bb1 {[%emt 0:03:16]} 28. a3 {[%emt 0:00:24]} Re7 {[%emt 0:00:38]} 29. Rxe7 {[%emt 0:01:18]} Kxe7 {[%emt 0:00:03]} 30. g5 {[%emt 0:00:04]} Kd6 {[%emt 0:01:27]} 31. Rh4 {[%emt 0:00:22]} Rh8 {[%emt 0:00:56]} 32. Bf3 {[%emt 0:02:12]} Kc5 {[%emt 0:04:39]} 33. Ke3 {[%emt 0:00:04]} a5 {[%emt 0:01:17]} 34. Kd2 {[%emt 0:01:05]} Bf5 {[%emt 0:02:27]} 35. a4 {[%emt 0:01:35]} bxa4 {[%emt 0:05:40]} 36. Be2 {[%emt 0:03:58]} Rb8 {[%emt 0:00:21]} 37. Rxc4+ {[%emt 0:00:44]} Kxd5 {[%emt 0:00:03]} 38. Rxa4 {[%emt 0:00:39]} Rxb2+ {[%emt 0:00:03]} 39. Ke3 {[%emt 0:00:05]} Rb3+ {[%emt 0:00:50]} 40. Kf2 {[%emt 0:00:09]} Ke5 {[%emt 0:00:32]} 41. h4 {[%emt 0:03:10]} Rb4 {[%emt 0:01:38]} 42. Rxa5+ {[%emt 0:00:05]} Kf4 {[%emt 0:00:05]} 43. Ra7 {[%emt 0:02:51]} Be6 {[%emt 0:00:03]} 44. Rc7 {[%emt 0:00:25]} Rb2 {[%emt 0:01:05]} 45. Rc3 {[%emt 0:03:43]} Bg4 {[%emt 0:01:03]} 0-1

[Event "Portugal Open 2020"]
[Site "Lisbon"]
[Date "2020.02.01"]
[Round "9.8"]
[White "Mihajlov, Sebastian"]
[Black "Haldorsen, Benjamin"]
[Result "1/2-1/2"]
[WhiteElo "2374"]
[BlackElo "2463"]
[Annotator "ChessBase"]
[PlyCount "49"]
[EventDate "2020.01.25"]
[EventType "swiss"]
[EventCountry "POR"]
[SourceTitle "playchess.com"]
[Source "ChessBase"]
[SourceQuality "1"]
[TimeControl "5400+30"]

1. e4 {[%emt 0:02:17]} c5 {[%emt 0:00:00]} 2. Be2 {[%emt 0:00:23]} Nc6 {[%emt 0:03:49]} 3. f4 {[%emt 0:00:05]} g6 {[%emt 0:02:32]} 4. Nf3 {[%emt 0:00:37]} Bg7 {[%emt 0:01:04]} 5. O-O {[%emt 0:00:07]} d5 {[%emt 0:01:17]} 6. d3 {[%emt 0:00:06]} e6 {[%emt 0:02:40]} 7. c3 {[%emt 0:00:27]} Nge7 {[%emt 0:00:18]} 8. Qe1 {[%emt 0:00:09]} b6 {[%emt 0:03:01]} 9. Na3 {[%emt 0:02:44]} Qd7 {[%emt 0:05:35]} 10. Kh1 {[%emt 0:11:09]} Bb7 {[%emt 0:04:53]} 11. e5 {[%emt 0:15:28]} h5 {[%emt 0:17:52]} 12. d4 {[%emt 0:03:40]} Nf5 {[%emt 0:00:08]} 13. Nc2 {[%emt 0:01:56]} cxd4 {[%emt 0:04:50]} 14. cxd4 {[%emt 0:02:22]} a5 {[%emt 0:02:24]} 15. a4 {[%emt 0:09:20]} Ba6 {[%emt 0:03:16]} 16. Bxa6 {[%emt 0:00:29]} Rxa6 {[%emt 0:00:02]} 17. Bd2 {[%emt 0:03:23]} Ra8 {[%emt 0:03:36]} 18. Bc3 {[%emt 0:00:06]} Rc8 {[%emt 0:03:28]} 19. Rc1 {[%emt 0:02:31]} Nb8 {[%emt 0:02:31]} 20. b3 {[%emt 0:06:43]} Bh6 {[%emt 0:03:00]} 21. Bd2 {[%emt 0:00:40]} Bf8 {[%emt 0:03:15]} 22. Ne3 {[%emt 0:00:24]} Rxc1 {[%emt 0:00:55]} 23. Qxc1 {[%emt 0:00:04]} Nxe3 {[%emt 0:01:15]} 24. Bxe3 {[%emt 0:00:05]} Be7 {[%emt 0:02:36]} 25. Qc3 {[%emt 0:07:48]} 1/2-1/2

[Event "Portugal Open 2020"]
[Site "Lisbon"]
[Date "2020.02.01"]
[Round "9.9"]
[White "Plichta, Kamil"]
[Black "Arizmendi Martinez, Julen Luis"]
[Result "1/2-1/2"]
[WhiteElo "2353"]
[BlackElo "2505"]
[Annotator "TA"]
[PlyCount "41"]
[EventDate "2020.01.25"]
[EventType "swiss"]
[EventCountry "POR"]
[SourceTitle "playchess.com"]
[Source "ChessBase"]
[SourceQuality "1"]

{[%evp 26,41,27,32,28,20,64,65,62,48,48,52,108,104,95,109,78,47]} 1. Nf3 Nf6 2. g3 g6 3. Bg2 Bg7 4. O-O O-O 5. c4 d6 6. d4 c6 7. Nc3 Bf5 8. Nh4 Be6 9. d5 cxd5 10. cxd5 Bd7 11. Nf3 Qa5 12. Be3 Rc8 13. a3 Na6 14. Bd4 Qd8 {[#] E62: King's Indian: Fianchetto: 6...c6 and Panno Variation (6...Nc6) without ...a6} 15. e4 $146 ({Predecessor:} 15. Re1 Nc7 16. Qd3 Qe8 17. e4 Nb5 18. Nxb5 Bxb5 19. Qd2 Ba4 20. Bc3 Qd8 21. e5 dxe5 22. Nxe5 {1-0 (80) Gurieli,N (2360)-Foisor,C (2345) Kishinev 1995}) 15... Bg4 16. Re1 Nc5 {White is slightly better.} 17. h3 Bxf3 18. Bxf3 Nfd7 (18... Ncd7 $14) 19. Bxg7 $16 {White is better.} Kxg7 20. b4 Na6 21. Be2 1/2-1/2

[Event "Portugal Open 2020"]
[Site "Lisbon"]
[Date "2020.02.01"]
[Round "9.10"]
[White "Spraggett, Kevin"]
[Black "Bashirli, Nail"]
[Result "1-0"]
[WhiteElo "2501"]
[BlackElo "2379"]
[Annotator "ChessBase"]
[PlyCount "107"]
[EventDate "2020.01.25"]
[EventType "swiss"]
[EventCountry "POR"]
[SourceTitle "playchess.com"]
[Source "ChessBase"]
[SourceQuality "1"]
[TimeControl "5400+30"]

1. e4 {[%emt 0:00:00]} c5 {[%emt 0:00:23]} 2. Nf3 {[%emt 0:00:11]} Nf6 {[%emt 0:00:29]} 3. Nc3 {[%emt 0:00:20]} d6 {[%emt 0:00:20]} 4. d4 {[%emt 0:00:24]} cxd4 {[%emt 0:00:06]} 5. Nxd4 {[%emt 0:00:05]} Nc6 {[%emt 0:04:39]} 6. Bg5 {[%emt 0:01:44]} e6 {[%emt 0:01:38]} 7. Qd2 {[%emt 0:00:25]} a6 {[%emt 0:00:08]} 8. O-O-O {[%emt 0:00:13]} Bd7 {[%emt 0:00:03]} 9. f4 {[%emt 0:00:46]} Be7 {[%emt 0:00:05]} 10. Nf3 {[%emt 0:00:23]} b5 {[%emt 0:00:06]} 11. Bxf6 {[%emt 0:00:17]} gxf6 {[%emt 0:00:04]} 12. f5 {[%emt 0:01:32]} Qb6 {[%emt 0:00:13]} 13. Qh6 {[%emt 0:00:50]} O-O-O {[%emt 0:00:19]} 14. Qh5 {[%emt 0:00:30]} Rhf8 {[%emt 0:00:29]} 15. Kb1 {[%emt 0:00:30]} Kb8 {[%emt 0:10:31]} 16. Bd3 {[%emt 0:01:13]} Rc8 {[%emt 0:08:00]} 17. Rhe1 {[%emt 0:04:45]} Qa5 {[%emt 0:02:00]} 18. fxe6 {[%emt 0:21:34]} fxe6 {[%emt 0:04:15]} 19. Ne2 {[%emt 0:00:18]} Rc7 {[%emt 0:03:46]} 20. Nfd4 {[%emt 0:00:59]} Nb4 {[%emt 0:07:16]} 21. Nc1 {[%emt 0:01:03]} Rfc8 {[%emt 0:27:30]} 22. Qf7 {[%emt 0:07:00]} Bf8 {[%emt 0:08:12]} 23. c3 {[%emt 0:06:01]} Nxd3 {[%emt 0:03:28]} 24. Nxd3 {[%emt 0:00:41]} b4 {[%emt 0:11:14]} 25. Nxb4 {[%emt 0:06:09]} e5 {[%emt 0:01:15]} 26. Ne6 {[%emt 0:03:48]} Bxe6 {[%emt 0:01:01]} 27. Qxe6 {[%emt 0:00:06]} Rb7 {[%emt 0:00:55]} 28. Qd5 {[%emt 0:05:42]} Qb6 {[%emt 0:01:01]} 29. Qd2 {[%emt 0:00:13]} Ka8 {[%emt 0:01:55]} 30. Nd5 {[%emt 0:00:12]} Qa5 {[%emt 0:01:42]} 31. b3 {[%emt 0:02:22]} Rcb8 {[%emt 0:00:56]} 32. Kb2 {[%emt 0:01:12]} Qa4 {[%emt 0:01:25]} 33. Qc2 {[%emt 0:00:39]} a5 {[%emt 0:00:28]} 34. c4 {[%emt 0:00:34]} Qc6 {[%emt 0:00:30]} 35. Qc3 {[%emt 0:01:15]} Qc5 {[%emt 0:00:22]} 36. Rf1 {[%emt 0:04:07]} a4 {[%emt 0:00:38]} 37. Ra1 {[%emt 0:00:24]} Bh6 {[%emt 0:00:30]} 38. Kc2 {[%emt 0:00:15]} Rg8 {[%emt 0:00:34]} 39. g3 {[%emt 0:00:14]} Rg4 {[%emt 0:00:29]} 40. b4 {[%emt 0:00:39]} Qa7 {[%emt 0:00:34]} 41. Rae1 {[%emt 0:00:23]} a3 {[%emt 0:00:25]} 42. Rxf6 {[%emt 0:00:31]} Rf7 {[%emt 0:00:19]} 43. Rxf7 {[%emt 0:05:23]} Qxf7 {[%emt 0:00:03]} 44. Qxa3+ {[%emt 0:00:07]} Kb8 {[%emt 0:00:40]} 45. Qd3 {[%emt 0:00:18]} Qf2+ {[%emt 0:01:02]} 46. Re2 {[%emt 0:00:06]} Qg1 {[%emt 0:00:31]} 47. Kb3 {[%emt 0:00:55]} Rg7 {[%emt 0:00:20]} 48. Nc3 {[%emt 0:02:33]} Rg6 {[%emt 0:00:36]} 49. a4 {[%emt 0:00:47]} Rf6 {[%emt 0:00:24]} 50. c5 {[%emt 0:01:33]} Bf8 {[%emt 0:00:32]} 51. c6 {[%emt 0:00:50]} Rf7 {[%emt 0:00:23]} 52. Nd5 {[%emt 0:00:43]} Ra7 {[%emt 0:00:34]} 53. a5 {[%emt 0:00:30]} Bh6 {[%emt 0:00:10]} 54. Qc2 {[%emt 0:00:37]} 1-0

[Event "Portugal Open 2020"]
[Site "Lisbon"]
[Date "2020.02.01"]
[Round "9.11"]
[White "Sabuk, Piotr"]
[Black "Jaracz, Pawel"]
[Result "1/2-1/2"]
[WhiteElo "2360"]
[BlackElo "2466"]
[Annotator "ChessBase"]
[PlyCount "75"]
[EventDate "2020.01.25"]
[EventType "swiss"]
[EventCountry "POR"]
[SourceTitle "playchess.com"]
[Source "ChessBase"]
[SourceQuality "1"]
[TimeControl "5400+30"]

1. d4 {[%emt 0:00:00]} d5 {[%emt 0:00:00]} 2. c4 {[%emt 0:00:00]} c6 {[%emt 0:00:00]} 3. Nf3 {[%emt 0:00:00]} Nf6 {[%emt 0:00:01]} 4. g3 {[%emt 0:00:00]} Bg4 {[%emt 0:00:46]} 5. Ne5 {[%emt 0:00:28]} Bf5 {[%emt 0:00:35]} 6. cxd5 {[%emt 0:01:01]} cxd5 {[%emt 0:00:45]} 7. Nc3 {[%emt 0:02:05]} Nc6 {[%emt 0:00:39]} 8. Bg2 {[%emt 0:12:49]} Rc8 {[%emt 0:01:09]} 9. Qa4 {[%emt 0:05:03]} a6 {[%emt 0:10:00]} 10. O-O {[%emt 0:04:55]} e6 {[%emt 0:12:39]} 11. Bg5 {[%emt 0:15:23]} Qb6 {[%emt 0:26:56]} 12. Nxc6 {[%emt 0:16:32]} bxc6 {[%emt 0:01:09]} 13. Bxf6 {[%emt 0:04:14]} gxf6 {[%emt 0:00:05]} 14. e4 {[%emt 0:00:17]} dxe4 {[%emt 0:00:06]} 15. d5 {[%emt 0:05:32]} Be7 {[%emt 0:10:30]} 16. dxe6 {[%emt 0:00:28]} Bxe6 {[%emt 0:00:07]} 17. Bxe4 {[%emt 0:01:02]} f5 {[%emt 0:01:11]} 18. Bd5 {[%emt 0:10:58]} O-O {[%emt 0:12:00]} 19. Bxe6 {[%emt 0:00:18]} fxe6 {[%emt 0:00:03]} 20. Qc4 {[%emt 0:01:23]} Rf6 {[%emt 0:04:16]} 21. Rad1 {[%emt 0:04:29]} Rc7 {[%emt 0:03:22]} 22. Rfe1 {[%emt 0:02:10]} Qb4 {[%emt 0:00:55]} 23. Qe2 {[%emt 0:03:45]} a5 {[%emt 0:02:47]} 24. Rd3 {[%emt 0:00:29]} Rb7 {[%emt 0:00:58]} 25. b3 {[%emt 0:02:22]} Bf8 {[%emt 0:00:48]} 26. Qe5 {[%emt 0:02:03]} Rg6 {[%emt 0:01:36]} 27. Red1 {[%emt 0:01:19]} Qc5 {[%emt 0:02:37]} 28. Qf4 {[%emt 0:01:19]} Rf7 {[%emt 0:00:52]} 29. Na4 {[%emt 0:00:44]} e5 {[%emt 0:00:50]} 30. Qd2 {[%emt 0:02:33]} Qb4 {[%emt 0:00:59]} 31. Qc2 {[%emt 0:00:50]} Qe4 {[%emt 0:02:34]} 32. Nc5 {[%emt 0:00:47]} Bxc5 {[%emt 0:00:37]} 33. Qxc5 {[%emt 0:00:01]} f4 {[%emt 0:00:05]} 34. Qc4 {[%emt 0:01:07]} Qxc4 {[%emt 0:00:46]} 35. bxc4 {[%emt 0:00:01]} fxg3 {[%emt 0:00:16]} 36. hxg3 {[%emt 0:00:17]} Rg4 {[%emt 0:00:04]} 37. Ra3 {[%emt 0:01:11]} Rxc4 {[%emt 0:00:24]} 38. Rxa5 {[%emt 0:00:14]} 1/2-1/2